| 000 | 00682nam a22002177a 4500 | ||
|---|---|---|---|
| 003 | BD-DhJNU | ||
| 005 | 20251102061214.0 | ||
| 008 | 251102b |||||||| |||| 00| 0 eng d | ||
| 020 | _a9781138942899 | ||
| 020 | _a9781315672571 | ||
| 040 |
_aBD-DhJNU _bENG _cBD-DhJNU _dBD-DhJNU |
||
| 082 |
_223 _a304.80954 |
||
| 245 |
_aRoutledge handbook of the Indian diaspora / _cEdited by Radha Sarma Hegde and Ajaya Kumar Sahoo |
||
| 260 |
_aNew York : _bRoutledge, _c2018. |
||
| 300 |
_axix, 393 p. : _bill. ; _c24 cm. |
||
| 504 | _aincludes index | ||
| 650 | _aEast Indian diaspora | ||
| 700 |
_aHegde, Radha Sarma _eEditor |
||
| 700 |
_aSahoo, Ajaya Kumar _eEditor |
||
| 942 |
_2ddc _cBK _n0 |
||
| 999 |
_c2322 _d2322 |
||